Suomen kunnat, jotka päättyvät kirjaimeen O - Statistics

Yleistilastot
  • Tätä visaa on pelattu 182 kertaa
  • Keskiarvotulos 26 / 31
Vastaustilastot
Maakunta Kunta % Oikein
-NO Pirkanmaa Parkano
96%
-IO Pohjois-Savo Kuopio
95%
-OO Uusimaa Porvoo
95%
-MO Pohjois-Pohjanmaa Kuusamo
93%
-IO Lappi Tornio
93%
-IO Lappi Muonio
91%
-OO Uusimaa Sipoo
91%
-OO Uusimaa Espoo
90%
-LO Lappi Pello
89%
-LO Varsinais-Suomi Salo
89%
-IO Lappi Ylitornio
88%
-OO Uusimaa Inkoo
86%
-KO Uusimaa Hanko
85%
-VO Pohjois-Savo Tervo
84%
-IO Varsinais-Suomi Paimio
83%
-IO Lappi Posio
83%
-VO Varsinais-Suomi Sauvo
83%
-MO Lappi Simo
83%
-IO Uusimaa Siuntio
83%
-MO Kainuu Sotkamo
83%
-MO Kainuu Paltamo
81%
-MO Kainuu Kuhmo
79%
-TO Varsinais-Suomi Lieto
79%
-IO Varsinais-Suomi Raisio
79%
-RO Varsinais-Suomi Somero
79%
-TO Pohjanmaa Luoto
78%
-HO Keski-Pohjanmaa Perho
77%
-KO Varsinais-Suomi Rusko
74%
-LO Varsinais-Suomi Taivassalo
73%
-TO Pohjois-Pohjanmaa Hailuoto
70%
-TO Pohjois-Savo Vesanto
67%
Ehtoja vastaavia visoja ei löytynyt
Tulosjakauma
Jokaisen tuloksen saaneiden osuus
Persentiili vastausten määrän mukaan
Tuloshistoriasi
Et ole pelannut tätä visaa